| 000 | 00689nam a22001937a 4500 | ||
|---|---|---|---|
| 003 | BD-DhCDI | ||
| 005 | 20260402065641.0 | ||
| 008 | 260402b bg ||||| |||| 00| 0 ben d | ||
| 040 |
_aBD-DhCDI _bBD-DhCDI _cBD-DhCDI |
||
| 082 |
_223 _a891.443 _bHON 2026 |
||
| 100 |
_aহোসাইন, সাদাত _eলেখক _91796 |
||
| 245 |
_aনীলকণ্ঠী / _cসাদাত হোসাইন |
||
| 246 | _aNilkontho. | ||
| 260 |
_aBangladesh; _bঅন্যধারা, _c2026. |
||
| 300 |
_a349 p.: _c22 cm. |
||
| 650 |
_aবাংলা উপন্যাস _zBangladesh _91797 |
||
| 651 |
_aবাংলা সাহিত্য _zবাংলাদেশ |
||
| 942 |
_2ddc _cBK |
||
| 999 |
_c961 _d961 |
||